| 000 | 00617nam a2200169Ia 4500 | ||
|---|---|---|---|
| 008 | 090711s9999 xx 000 0 und d | ||
| 082 | _b66764 | ||
| 100 | _aसावंत वसंत | ||
| 245 | _aप्रवासवर्णन एक वाड्.मय प्रकार | ||
| 260 | _c1987 | ||
| 300 | _a449 | ||
| 600 | _aसावंत वसंत | ||
| 630 | _aप्रवासवर्णन एक वाड्.मय प्रकार | ||
| 700 | _aसावंत वसंत | ||
| 730 | _aप्रवासवर्णन एक वाड्.मय प्रकार | ||
| 942 | _cBOOK | ||
| 999 |
_c311512 _d311512 |
||